20 villes les plus peuples de lorraine - Statistiques

Statistiques générales
  • Ce quiz a été pris 141 fois
  • Le résultat moyen est 11 sur 20
Statistiques - réponses
Nb d'habitants (en habitants) villes % Correct
116 429 Metz
100%
104 286 Nancy
99%
40 701 Thionville
80%
31 740 Epinal
79%
17 475 Verdun
69%
19 607 Saint Dié
63%
20 783 Sarreguemines
63%
14 985 Bar le Duc
62%
30 002 Vandoeuvre les Nancy
60%
18 287 Luneville
59%
21 552 Forbach
58%
15 832 Toul
53%
14 228 Pont-a-Mousson
48%
14 378 Longwy
47%
21 890 Montigny
47%
15 483 Saint Avold
36%
14 444 Laxou
34%
16 537 Yutz
30%
14 415 Villers lès Nancy
28%
15 811 Hayange
23%
Aucun quiz correspondant
Distribution des résultats
% des personnes avec chaque résultat
Percentile par nombre de réponses
Votre historique - résultats
Vous n’avez pas pris ce quiz